00485 2200193 4500001002100000005001500021008004100036020001800077035001900095041000700114082000800121090001200129100001800141245002100159260005000180300003400230500001100264650001600275INLIS00000000000141720241224112339241224||||||||| | ||| |||| || |  a979-15014-0-8 0010-1224001417 aid0 a370 a370 SER0 adjoko witarko00aApa Kegiatannya? aJakartabCoca-Cola Foundation Indonesiac2006 axii, 75 hlm. : ilusi. ; 21 cm aCet. 1 0aIlmu Sosial